banner koha

The immunochemical reactivity and neutralizing capacity of polyvalent vipera (european)antivenom on enzymatic and toxic activities in the venoms of crotalids from argentina (Registro n. 247372)

MARC details
000 -LÍDER
campo de controle de tamanho fixo 01218nas a2200385 4500
001 - NÚMERO DE CONTROLE
campo de controle BR2015006953
003 - IDENTIFICADOR DO NÚMERO DE CONTROLE
campo de controle BR-BrBNA
005 - DATA E HORÁRIO DA ÚLTIMA TRANSAÇÃO
campo de controle 20231205130012.0
007 - CAMPO FIXO DE DESCRIÇÃO FÍSICA--INFORMAÇÃO GERAL
campo de controle de tamanho fixo ta
008 - CAMPO DE DADOS FIXOS--INFORMAÇÃO GERAL
campo de controle de tamanho fixo 230509b bl.|||p| |||| 00| 00por d
040 ## - FONTE DA CATALOGAÇÃO
Instituição da catalogação original BR-BrBNA
Idioma da catalogação por
Instituição que transcreveu o registro Biblioteca Nacional de Agricultura
041 ## - CÓDIGO DE IDIOMA
Código do idioma do texto/trilha sonora ou título diferente (En)
072 ## - CÓDIGO DE CATEGORIA DE ASSUNTO
Código de Categoria de Assunto L50
100 1# - ENTRADA PRINCIPAL--NOME PESSOAL
Nome pessoal Roodt, A.R. de
100 1# - ENTRADA PRINCIPAL--NOME PESSOAL
Nome pessoal Dolab, J.A.
100 1# - ENTRADA PRINCIPAL--NOME PESSOAL
Nome pessoal Segre, L.
100 1# - ENTRADA PRINCIPAL--NOME PESSOAL
Nome pessoal Simoncini, C.
100 1# - ENTRADA PRINCIPAL--NOME PESSOAL
Nome pessoal Hajos, S.E.
100 1# - ENTRADA PRINCIPAL--NOME PESSOAL
Nome pessoal Fernandez, T.
100 1# - ENTRADA PRINCIPAL--NOME PESSOAL
Nome pessoal Dokmetjian, J.C.
100 1# - ENTRADA PRINCIPAL--NOME PESSOAL
Nome pessoal Litwin, S.
100 1# - ENTRADA PRINCIPAL--NOME PESSOAL
Nome pessoal Accattoli, C.
100 1# - ENTRADA PRINCIPAL--NOME PESSOAL
Nome pessoal Vidal, J.C.
245 1# - TÍTULO
Título The immunochemical reactivity and neutralizing capacity of polyvalent vipera (european)antivenom on enzymatic and toxic activities in the venoms of crotalids from argentina
650 ## - ASSUNTO--TERMO TÓPICO
Cabeçalho tópico ou nome geográfico COBRA PECONHENTA
650 ## - ASSUNTO--TERMO TÓPICO
Cabeçalho tópico ou nome geográfico VENENO
650 ## - ASSUNTO--TERMO TÓPICO
Cabeçalho tópico ou nome geográfico ANALISE QUIMICA
650 ## - ASSUNTO--TERMO TÓPICO
Cabeçalho tópico ou nome geográfico TOXINA
650 ## - ASSUNTO--TERMO TÓPICO
Cabeçalho tópico ou nome geográfico NEUTRALIZACAO
650 ## - ASSUNTO--TERMO TÓPICO
Cabeçalho tópico ou nome geográfico REACAO QUIMICA
773 0# - ENTRADA ANALÍTICA
Título Journal of Venomous Animals and Toxins (Brazil)
ISSN - International Standard Serial Number ISSN 1678-4936
Partes relacionadas (1999), v. 5(1) p. 67-83
Número de controle do registro BR2015006953
856 40 - LOCALIZAÇÃO ELETRÔNICA E ACESSO
Uniform Resource Identifier <a href="http://dx.doi.org/10.1590/S0104-79301999000100006">http://dx.doi.org/10.1590/S0104-79301999000100006</a>
909 ## -
-- 202311
-- Lúcia
-- 55
-- Lúcia Elande
942 ## - ELEMENTOS DE ENTRADA ADICIONADOS (KOHA)
Fonte da classificação ou esquema de arquivamento na estante Classificação AGRIS
Ocultar no OPAC Não
Tipo de material Koha Analítica
Exemplares
Situação do descarte Fonte da classificação ou esquema de arquivamento na estante Situação física Não pode ser emprestado Biblioteca de origem Biblioteca atual Localização na estante Enumeração do periódico / cronologia Total de empréstimos Data de último acesso Número do exemplar Tipo de material Koha Fonte de aquisição
  Classificação AGRIS   Consulta local Biblioteca Nacional de Agricultura - Binagri Biblioteca Nacional de Agricultura - Binagri   (1999), v. 5(1) p. 67-83   29/11/2023 01 Periódicos Portaria Interministerial nº 164/94

BINAGRI

Telefone: (61)3218-2567/2388/3357/2097 - binagri@agro.gov.br

Ministério da Agricultura e Pecuária , Esplanada dos Ministérios, Bloco D, Anexo B, Brasília/DF, CEP: 70.043-900